Jocaste et le chat maigre / (Record no. 154150)

MARC details
000 -LEADER
campo de control de longitud fija 00983nam a22002655i 4500
001 - NÚMERO DE CONTROL
campo de control 154150
003 - IDENTIFICADOR DE NÚMERO DE CONTROL
campo de control ES-MaACL
005 - FECHA Y HORA DE LA ÚLTIMA TRANSACCIÓN
campo de control 20250428063006.0
008 - DATOS DE LONGITUD FIJA--INFORMACIÓN GENERAL
campo de control de longitud fija 050908m18901904fr | |||||||| ||fre d
040 ## - FUENTE DE CATALOGACIÓN
Centro catalogador/agencia de origen CAM
Lengua de catalogación spa
Centro/agencia transcriptor CAM
100 1# - ENTRADA PRINCIPAL--NOMBRE DE PERSONA
Nombre de persona France, Anatole,
Fechas asociadas al nombre 1844-1924
9 (RLIN) 240108
245 10 - MENCIÓN DEL TÍTULO
Título Jocaste et le chat maigre /
Mención de responsabilidad, etc. par Anatole France.
250 ## - MENCION DE EDICION
Mención de edición [14e ed.].
260 ## - PUBLICACIÓN, DISTRIBUCIÓN, ETC.
Lugar de publicación, distribución, etc. Paris :
Nombre del editor, distribuidor, etc. Calmann-Lévy éditeurs,
Fecha de publicación, distribución, etc. [s.a.] (
Lugar de fabricación/manufactura Lagny :
Fabricante Emile Colin)
300 ## - DESCRIPCIÓN FÍSICA
Extensión 299 p. ;
Dimensiones 18 cm.
490 1# - MENCIÓN DE SERIE
Mención de serie Bibliothèque contemporaine
594 ## - Nota al título y mención de responsabilidad
Nota al título y mención de responsabilidad Anatole France es seudónimo de Jacques Anatole Thibault.
595 ## -
-- La mención de ed. consta en la cub. original.
596 ## - NOTA AL PIE DE IMPRENTA
NOTA AL PIE DE IMPRENTA Probablemente impreso entre 1890 y 1905.
598 ## - NOTA LOCAL
Nota local La mención de serie consta en la cub. original.
752 ## - ENTRADA AGREGADA--NOMBRE JERÁRQUICO DEL LUGAR
País o entidad superior Francia -
Ciudad París
830 0# - PUNTO DE ACCESO ADICIONAL DE SERIE-TÍTULO UNIFORME
Título uniforme Bibliothèque contemporaine
9 (RLIN) 181673
852 ## - LOCALIZACIÓN
Ubicación ES-MaACL
Número de control de estantería B-2728
Nota libre -- Enc. hol. conservando la cub. original
Holdings
Estatus retirado Estado de pérdida Estado de daño No para préstamo Biblioteca de origen Biblioteca actual Ubicación en estantería Fecha de adquisición Fuente de adquisición Total de préstamos Signatura topográfica completa Código de barras Visto por última vez Precio de reemplazo Tipo de ítem Koha
        Biblioteca del Ateneo de Madrid Biblioteca del Ateneo de Madrid Sala Pardo Bazán 17/01/2008     B-2728 1161187 23/02/2023 23/02/2023 Libro impreso